Clubs français ayant déjà participé à une coupe d'Europe - Statistiques

Statistiques générales
  • Ce quiz a été pris 193 fois
  • Le résultat moyen est 12 sur 31
Answers on the Grid
Answers color-coded by a green-red scale on the quiz's grid according to % correct below.
Nancy
Roubaix
Ajaccio
Amiens
Angers
Angouleme
Annecy
Auxerre
Avranches
Bastia
Bayonne
Biarritz
Brest
Caen
Cannes
Chateauroux
Cherbourg
Clermont
Dijon
Dunkerque
Epinal
Grenoble
Laval
Le Havre
Le mans
Lorient
Metz
Montpellier
Nancy
Nice
Nimes
Orleans
Paris FC
Pau
RC Paris
Red star FC
Reims
Rennes
Rodez AF
Rouen
Saint Malo
Sedan
Sete
Sochaux
Stade Briochin
Stade français
Strasbourg
Toulon
Toulouse
Tours
Troyes
Valenciennes
 
Statistiques - réponses
Réponse % Correct
Montpellier
74%
Rennes
74%
Toulouse
74%
Nice
73%
Brest
70%
Reims
69%
Auxerre
64%
Sochaux
64%
Strasbourg
64%
Metz
59%
Nancy
51%
Nancy
50%
Bastia
48%
Lorient
38%
Sedan
31%
Cannes
30%
Caen
29%
Le Havre
28%
Troyes
26%
RC Paris
25%
Laval
22%
Valenciennes
20%
Nimes
19%
Stade français
18%
Angers
14%
Chateauroux
14%
Rouen
12%
Sete
11%
Roubaix
10%
Toulon
10%
Angouleme
5%
Aucun quiz correspondant
Distribution des résultats
% des personnes avec chaque résultat
Percentile par nombre de réponses
Votre historique - résultats
Vous n’avez pas pris ce quiz